<?xml version="1.0" encoding="UTF-8"?>
<record
    xmlns:xsi="http://www.w3.org/2001/XMLSchema-instance"
    xsi:schemaLocation="http://www.loc.gov/MARC21/slim http://www.loc.gov/standards/marcxml/schema/MARC21slim.xsd"
    xmlns="http://www.loc.gov/MARC21/slim">

  <leader>01483nam a2200265 i 4500</leader>
  <controlfield tag="001">37533</controlfield>
  <controlfield tag="003">ES-MaACL</controlfield>
  <controlfield tag="005">20250820063024.0</controlfield>
  <controlfield tag="007">t|</controlfield>
  <controlfield tag="008">030317s1890    sp           ||||1| spa d</controlfield>
  <datafield tag="080" ind1=" " ind2=" ">
    <subfield code="a">929(460)"15/18":61</subfield>
  </datafield>
  <datafield tag="100" ind1="1" ind2=" ">
    <subfield code="a">Comenge y Ferrer, Luis, </subfield>
    <subfield code="d">1854-1916</subfield>
    <subfield code="9">126554</subfield>
  </datafield>
  <datafield tag="245" ind1="1" ind2="0">
    <subfield code="a">Estafeta de los muertos / </subfield>
    <subfield code="c">por D. Luis Comenge y D. Jos&#xE9; de Letamendi.</subfield>
  </datafield>
  <datafield tag="260" ind1=" " ind2=" ">
    <subfield code="a">Madrid : </subfield>
    <subfield code="b">[s.n.], </subfield>
    <subfield code="c">1890 (</subfield>
    <subfield code="f">Estab. Tip. de Fortanet)</subfield>
  </datafield>
  <datafield tag="300" ind1=" " ind2=" ">
    <subfield code="a">63 p. : </subfield>
    <subfield code="b">il. ; </subfield>
    <subfield code="c">24 cm.</subfield>
  </datafield>
  <datafield tag="505" ind1="8" ind2=" ">
    <subfield code="a">Contiene: Al que leyere / E. Su&#xE9;nder . Al Dr. D. E. Su&#xE9;nder: ep&#xED;stola de un exvivo en que se tratan asuntos de medicina / Dr. Fernando de Mena ; por la copia y correcci&#xF3;n, Luscinda Protoplasma de Sangredo . Carta al esp&#xED;ritu del preclaro Dr. Francisco D&#xED;az... Enderezatorio: a la muy conspicua, discreta y jugosa se&#xF1;ora doctora Do&#xF1;a Luscinda Protoplasma de Sangredo... / Jos&#xE9; de Letamendi . Ep&#xED;stola: venerable esp&#xED;ritu del que fue en vida doctor Francisco D&#xED;az... / Jos&#xE9; de Letamendi</subfield>
  </datafield>
  <datafield tag="530" ind1=" " ind2=" ">
    <subfield code="a">Disponible en formato digital.</subfield>
  </datafield>
  <datafield tag="594" ind1=" " ind2=" ">
    <subfield code="a">Fernando de Mena y Lucinda Protoplasma son seud. de Luis Comenge y Ferrer.</subfield>
  </datafield>
  <datafield tag="650" ind1=" " ind2="4">
    <subfield code="a">M&#xE9;dicos-</subfield>
    <subfield code="z">Espa&#xF1;a-</subfield>
    <subfield code="v">Biograf&#xED;as.</subfield>
    <subfield code="9">144463</subfield>
  </datafield>
  <datafield tag="700" ind1="1" ind2=" ">
    <subfield code="a">Letamendi, Jos&#xE9; de,</subfield>
    <subfield code="d">1828-1897</subfield>
    <subfield code="9">71873</subfield>
  </datafield>
  <datafield tag="700" ind1="1" ind2=" ">
    <subfield code="a">Su&#xE9;nder, Enrique (</subfield>
    <subfield code="d">1829-1897)</subfield>
    <subfield code="9">108728</subfield>
  </datafield>
  <datafield tag="852" ind1=" " ind2=" ">
    <subfield code="a">ES-MaACL</subfield>
    <subfield code="j">T-1111-F-5</subfield>
  </datafield>
  <datafield tag="856" ind1=" " ind2=" ">
    <subfield code="u">http://bdh-rd.bne.es/viewer.vm?id=0000076172&amp;page=1 </subfield>
    <subfield code="z">Biblioteca Digital Hisp&#xE1;nica</subfield>
  </datafield>
  <datafield tag="999" ind1=" " ind2=" ">
    <subfield code="c">37533</subfield>
    <subfield code="d">37533</subfield>
  </datafield>
  <datafield tag="952" ind1=" " ind2=" ">
    <subfield code="0">0</subfield>
    <subfield code="1">0</subfield>
    <subfield code="4">0</subfield>
    <subfield code="7">0</subfield>
    <subfield code="8">Colecci&#xF3;n_de_folletos</subfield>
    <subfield code="a">ATENEOM</subfield>
    <subfield code="b">ATENEOM</subfield>
    <subfield code="c">DEPOF</subfield>
    <subfield code="d">2008-01-17</subfield>
    <subfield code="e">SC</subfield>
    <subfield code="l">0</subfield>
    <subfield code="o">T-1111-F-5</subfield>
    <subfield code="p">1039508</subfield>
    <subfield code="r">2023-02-23 00:00:00</subfield>
    <subfield code="w">2023-02-23</subfield>
    <subfield code="y">FOLLETOS</subfield>
  </datafield>
</record>
